| 000 | 01121nam a22002177a 4500 | ||
|---|---|---|---|
| 005 | 20240708105739.0 | ||
| 010 | _aHIN-127932 | ||
| 020 |
_c499.00 _a9789392568824 |
||
| 035 | _aHN-100278 | ||
| 037 | _bDBAD | ||
| 082 | _a370.1 | ||
| 245 |
_aशिक्षा के दार्शनिक परिप्रेक्ष्य/ _cदिव्या शर्मा एवं संगीता शराफ द्वारा संपादित |
||
| 250 | _a1 | ||
| 260 |
_aरायपुर (छत्तीसगढ़) _bअदिति पब्लिकेशन _c2024 |
||
| 270 |
_aन्यू पंचजन्य विद्या मंदिर के सामने, नियर तिरंगा चौक, कुशलपुर _bरायपुर (छत्तीसगढ़) _k9425210308 |
||
| 300 |
_a255पृ. _c20 सेमी. (अजिल्द) |
||
| 650 |
_aहिन्दी _968192 |
||
| 700 |
_aशर्मा, दिव्या _968180 |
||
| 700 |
_aशराफ, संगीता _968181 |
||
| 942 |
_2ddc _cHN _h370.1 _mशिक्षाके |
||
| 999 |
_c203978 _d203978 |
||